| 000 | 00853cab a2200253 4500 | ||
|---|---|---|---|
| 001 | ABS52944 | ||
| 008 | 090401t1995 xxu||||| |||| 00| 0 eng d | ||
| 035 | _a(Sirsi) u1020 | ||
| 041 | _aeng | ||
| 100 | _aLawson, D. | ||
| 245 | _aSurveyors test positive for management skills | ||
| 260 | _c1995 | ||
| 350 | _a0 | ||
| 490 |
_aProperty Week _v51(7) 18 May 1995, 14-15(2) |
||
| 520 | _aReports the results of "The Financial Performance of Surveyors 1995", research which aims to provide general benchmarks for firms of professional property advisors. | ||
| 650 | _aBENCHMARKING | ||
| 650 | _aABOUT RICS-RICS MEMBERS | ||
| 650 | _aFINANCIAL PERFORMANCE OF SURVEYORS 1995 | ||
| 650 | _aSURVEYING FIRMS | ||
| 650 | _aWILLOTT KINGSTON SMITH | ||
| 690 | _aMANAGEMENT-BUSINESS MANAGEMENT-PROFESSIONAL PRACTICE | ||
| 942 | _n0 | ||
| 948 | _c04/03/1997 | ||
| 999 |
_c565 _d565 |
||